000 00642nam a22002297a 4500
001 2123
005 20250801142155.0
020 _a0590464620
040 _aFISKH
_beng
_cFISKH
_dFISKH
050 _aPE1155.M39
082 _a411
100 _aMcPhail, David
245 _aDavid McPhail's animals a to z /
260 _aNew York :
_bScholastic,
_c1989
300 _a26 unnumbered pages :
_c20x20 cm
505 _aA
520 _aThe artist's illustrations present a painting of at least one animal for each letter of the alphabet.
521 _a10
_bLexile estimate
521 _aA
_bRaz-Plus
650 _aAnimal
942 _2ddc
_cBK
_n0
999 _c2123
_d2123